Suomen Unescon maailmanperintökohteet kartalla - Statistics

Yleistilastot
  • Tätä visaa on pelattu 52 kertaa
  • Keskiarvotulos 5 / 7
Vastaukset kartalla
Vastauksille on annettu kartalla punavihreä väri sen mukaan, kuinka moni on saanut sen oikein.
 
Vastaustilastot
Vastaus % Oikein
Suomenlinna
96%
Merenkurkun saaristo
84%
Struven ketju
80%
Petäjäveden vanha kirkko
68%
Vanha Rauma
68%
Verlan puuhiomo ja pahvitehdas
56%
Sammallahdenmäen pronssikautinen röykkiöalue
48%
Ehtoja vastaavia visoja ei löytynyt
Tulosjakauma
Jokaisen tuloksen saaneiden osuus
Persentiili vastausten määrän mukaan
Tuloshistoriasi
Et ole pelannut tätä visaa